000 00344nam a2200145Ia 4500
005 20260416142529.0
008 191201s2013 xx 000 0 und d
100 _aMADHUKAR, R K
245 0 _aBusiness Communication
250 _a2nd
260 _c2013
_bVikas Publication House
_aN. delhi
300 _a427
650 _aMBA
942 _2ddc
_cBB
999 _c7615
_d7615